Sly Cooper Enemies - Statistics

General Stats
  • This quiz has been taken 293 times
  • The average score is 14 of 22
Answer Stats
Hint Answer % Correct
Frog Man Lizard thing, becomes an ally, Klaww Gang Dimitri
88%
Pyromaniac Panda, Fiendish Five, becomes an ally Panda King
84%
Leader of Fiendish Five, killed sly's father Clockwerk
81%
Giant Black Widow, Interpol Chief who crosses, Klaww Gang Contessa
76%
Bison from 1850's, head of transportation, Klaww Gang Jean Bison
76%
Humongus Dog, Fiendish Five Muggshot
74%
Huge Tiger, spice man of organazation, Klaww Gang Rajan
74%
Parrot looking for Clockwerk parts to fly and become immortal, Leader of Klaww Gang Arpeggio
71%
Pilot who terrrorizes the skies of Holland Black Baron
70%
Frog, Fiendish Five Sir Raleigh
70%
Mandrill who wants the Cooper fortune Doctor M
64%
Opera house lion in venice, defeated by Murray Octavio
63%
Voodoo Alligator, Fiendish Five Mz Ruby
62%
Mechanical villain who has a mysterious user, 1800's england Black Knight
60%
Chicken who forces to marry a girl for wealth and power General Tsao
57%
Grizzley Bear who acts black and just wants to skate, 10000 BC Unga Village The Grizz
56%
Assistant of ^, crosses him and takes the Clockwerk metal Constable Neyla
55%
Tiger who harasses a cooper and cowers to Sly, Fuedal Japan 1603 El Jefe
52%
Skunk who commands people to go back in time and defeat the Cooper's, art thief and billionare Le Paradox
46%
Pirate who terrorizes Blood Bath Bay Lefwee
44%
Armadillo who harasses another Cooper, weak to loud noises, Cottonmouth Canyon !880's Toothpick
44%
Elephant who uses musical hypnotism on people, Arabia Madame Decibel
34%
No matching quizzes found
Score Distribution
Percent of People with Each Score
Percentile by Number Answered
Your Score History
You have not taken this quiz